[Event "DSOL 08 Liga Gr-D 1st"]
[Site "Playchess.com INT"]
[Date "2020.07.29"]
[Round "6.4"]
[White "Fecken, Marcus"]
[Black "Schneider, Jannes"]
[Result "1-0"]
[WhiteElo "1000"]
[BlackElo "1198"]
[PlyCount "73"]
[EventDate "2020.06.22"]
[EventType "team-tourn (rapid)"]
[EventCountry "GER"]
[SourceTitle "EXT 2021"]
[Source "ChessBase"]
[SourceDate "2020.10.23"]
[SourceVersion "1"]
[SourceVersionDate "2020.10.23"]
[SourceQuality "1"]
[WhiteTeam "Bickenbach III"]
[BlackTeam "Kastellaun II"]
[WhiteTeamCountry "GER"]
[BlackTeamCountry "GER"]

1. e4 c5 2. c3 g6 3. d4 cxd4 4. cxd4 Bg7 5. Nf3 d6 6. Bc4 Nf6 7. Nc3 Bg4 8. h3 Bxf3 9. Qxf3 Nc6 10. Bb5 0-0 11. Ba4 Nxd4 12. Qd3 Ne6 13. 0-0 Nc5 14. Qd1 Nxa4 15. Qxa4 a6 16. Be3 b5 17. Qb3 Nd7 18. Rad1 Ne5 19. Nd5 Nc4 20. Bg5 f6 21. Bc1 Kh8 22. Ne3 Nxe3 23. Bxe3 g5 24. e5 h5 25. exd6 exd6 26. Rd5 Qc7 27. Rc1 Qd7 28. Bb6 Rac8 29. Rcd1 Rc6 30. Bc5 Rd8 31. Qb4 Bf8 32. Bd4 Qe6 33. Rxg5 Rc4 34. Rxh5+ Kg7 35. Qd2 Be7 36. Re1 Qf7 37. Qh6+ 1-0